Guess the BFDI Voice Actors - Statistics

General Stats
  • This quiz has been taken 124 times
    120 since last reset
  • The average score is 6 of 15
Answer Stats
Character(s) voiced Voice Actor % Correct
X, Bracelety, Pin, Ruby, ... Cary Huang / carykh
92%
Nickel Adam Katz / AnimationEpic
89%
Book, Firey, Four, Golf Ball, ... Michael Huang / fernozzle
84%
Balloony, Bottle, Gaty, Clock, ... Satomi Hinatsu / Hazel Cricket
48%
Lollipop, Pie, Stapy Sam Lee
37%
Barf Bag, Cake, Taco, Needle, ... Kenzie Bryant / pokeysoda
36%
Profily, Two Niall Burns / XanyLeaves
36%
Gelatin Ian Woodside
30%
Tree Thomas Chick / Tantusar
29%
Lightning, Liy Sabrina
28%
Foldy, Pillow Cindy Jiang
27%
Purple Face Justin Chapman
24%
Price Tag Ovid G. / Wolfolotl
24%
Eggy, Naily Katherine Sun
22%
Winner Schazer
19%
No matching quizzes found
Score Distribution
Percent of People with Each Score
Percentile by Number Answered
Your Score History
You have not taken this quiz since the last reset